|
|
|
|
| LEADER |
00000nam0a2200000 4500 |
| 001 |
141666 |
| 005 |
20231031142517.0 |
| 010 |
|
|
|a 5020120383
|
| 020 |
|
|
|a RU
|b 91-21811
|
| 035 |
|
|
|a (RuTPU)RU\TPU\book\153561
|
| 090 |
|
|
|a 141666
|
| 100 |
|
|
|a 20080825d1991 m a0rusy5003 ca
|
| 101 |
0 |
|
|a rus
|
| 102 |
|
|
|a RU
|
| 105 |
|
|
|a y z 001zy
|
| 200 |
1 |
|
|a Анализ научного потенциала
|e межстрановой аспект
|f В. В. Киселева, Т. Е. Кузнецова, Б. В. Кузнецов
|g Академия наук СССР (АН СССР), Институт народнохозяйственного прогнозирования (ИНП)
|
| 210 |
|
|
|a Москва
|c Наука
|d 1991
|
| 215 |
|
|
|a 126 с.
|
| 320 |
|
|
|a Библиогр.: с. 125-127.
|
| 610 |
1 |
|
|a научный потенциал
|
| 610 |
1 |
|
|a анализ
|
| 686 |
|
|
|a Ч210
|2 rubbk
|
| 700 |
|
1 |
|a Киселева
|b В. В.
|g Виктория Викторовна
|
| 701 |
|
1 |
|a Кузнецова
|b Т. Е.
|g Татьяна Евгеньевна
|
| 701 |
|
1 |
|a Кузнецов
|b Б. В.
|g Борис Викторович
|
| 712 |
0 |
2 |
|a Академия наук СССР (АН СССР)
|b Институт народнохозяйственного прогнозирования (ИНП)
|c (Москва)
|2 stltpush
|3 (RuTPU)RU\TPU\col\11536
|
| 801 |
|
0 |
|a RU
|b RuMRKP
|c 19950417
|g psbo
|
| 801 |
|
1 |
|a RU
|b 63413507
|c 20080825
|g PSBO
|
| 801 |
|
2 |
|a RU
|b 63413507
|c 20081126
|g PSBO
|
| 942 |
|
|
|c BK
|